Statistics for Countries That Border Two Or More Oceans

Click here to take the quiz!

General Stats

  • This quiz has been taken 35 times
  • The average score is 18 of 22

Answer Stats

Countries% Correct
Canada
100%
United States
100%
Mexico
97%
Russia
97%
South Africa
97%
Argentina
93%
Australia
90%
Chile
87%
Colombia
87%
Costa Rica
87%
Panama
87%
Honduras
83%
Indonesia
83%
Egypt
80%
Norway
80%
Nicaragua
77%
Guatemala
70%
Malaysia
70%
Thailand
67%
Iceland
57%
Israel
57%
East Timor
37%

Score Distribution

Percentile by Number Answered

Percent of People with Each Score

Your Score History

You have not taken this quiz